| 000 | 00493nam a2200205Ia 4500 | ||
|---|---|---|---|
| 003 | OSt | ||
| 005 | 20140319084541.0 | ||
| 008 | 140130s9999 xx 000 0 und d | ||
| 020 | _a0439491975 | ||
| 050 |
_aPZ 7 _b.K1562Mat 2003 |
||
| 100 | _aKassirer, Sue | ||
| 245 |
_aMath fair Blues / _cSue Kassirer. |
||
| 260 |
_bScholastic, _c2003. _aNew York : |
||
| 300 |
_a32 p. : _bcol. ill. ; _c24 cm. |
||
| 440 | _v1 | ||
| 521 | _aG2 | ||
| 526 | _c300 | ||
| 942 |
_cBK _2lcc |
||
| 999 |
_c40128 _d40128 |
||